| 000 | 00508nam a22001817a 4500 | ||
|---|---|---|---|
| 005 | 20140630123315.0 | ||
| 010 | _aENG-110174 | ||
| 020 |
_a9789350484845 _c300.00 |
||
| 035 | _aEN-93706 | ||
| 037 | _bDBAD/PUB | ||
| 082 | _a488.203 | ||
| 100 | _aVaishnav, Harmik | ||
| 245 |
_aDictionary of verbs / _cby Harmik Vaishnav |
||
| 260 |
_aNew Delhi _bPrabhat Books _c2013 |
||
| 270 |
_a4/19 Asaf Ali Road _bNew Delhi _e110002 |
||
| 300 |
_a254p. _c22cm(Hb) |
||
| 942 |
_2ddc _cEN _mVAI _h488.203 |
||
| 999 |
_c84968 _d84968 |
||